Jambak 1

Bibliographic Details
Other Authors: Ahmad Kamal Abdullah
Format: Book
Published: Kuala Lumpur : DBP , 1993

MARC

LEADER 00000cam a2200000 7i4500
001 0000007079
002 000007620
005 20011128.0
020 |a 9836236449 
090 0 0 |a 899.2309   |b JAM 
245 0 0 |a Jambak 1   |c proses kreatif pengarang Melayu   |c diselenggarakan oleh Ahmad Kamal Abdullah 
260 |a Kuala Lumpur :   |b DBP ,   |c 1993 
300 |a 269p. ;   |c 21cm. 
700 0 |a Ahmad Kamal Abdullah 
999 |a 054725   |b BUKU   |c PINJAMAN   |e PERPUSTAKAAN KOMUNITI PETALING JAYA